00281 a2200133 4500001000700000020002200007040001100029100003300040240001900073245001400092300000700106362000900113440002500122191772 a978-85-8193-302-3 cMagnum aBattaglia, Stela Maris Fazio10aMoby Dicklpor10aMoby Dick a320 a2016 1aFolha de São Paulo